Agatha Christie Characters - Sudden Death - Statistics

General Stats
  • This quiz has been taken 191 times
  • The average score is 10 of 15
Answers on the Grid
Answers color-coded by a green-red scale on the quiz's grid according to % correct below.
Hercules Poirot
Miss Marple
Harley Quin
Parker Pyne
Ariadne Oliver
Mr Satterthwaite
Tommy Beresford
Tuppence Beresford
Colonel Race
Arthur Hastings
Felicity Lemon
Inspector Japp
Vera Rossakoff
Superintendent Battle
Sven Hjerson
Edward Catchpool
Joseph Rouletabille
Mrs. Peacock
Benoit Blanc
Sam Spade
Lieutenant Columbo
Jessica Fletcher
Albert Campion
Roderick Alleyn
Lord Peter Wimsey
Nancy Drew
Joe Hardy
Kogoro Akechi
C. Auguste Dupin
Sherlock Holmes
 
Answer Stats
Answer % Correct
Miss Marple
92%
Arthur Hastings
85%
Hercules Poirot
85%
Inspector Japp
79%
Tuppence Beresford
77%
Ariadne Oliver
71%
Tommy Beresford
68%
Colonel Race
67%
Superintendent Battle
65%
Vera Rossakoff
57%
Felicity Lemon
56%
Parker Pyne
54%
Mr Satterthwaite
48%
Harley Quin
44%
Sven Hjerson
30%
No matching quizzes found
Score Distribution
Percent of People with Each Score
Percentile by Number Answered
Your Score History
You have not taken this quiz